000 01323naa a22003497a 4500
001 BR8703293
003 BR-BrBNA
005 20240918175808.0
007 ta
008 230509b bl.||||| |||| 00| 0 por d
040 _aBR-BrBNA
_bpor
_cBiblioteca Nacional de Agricultura
041 _a(Pt)
072 _aL51
_b5300
_b3730
_bG514
090 _aL51 BR8703293
100 1 _aBarbosa, H.P.
100 1 _aPereira, J.A.A.
100 1 _aCosta, P.M.A.
100 1 _aRostagno, H.S.
100 1 _aSilva, M. de A.E.
100 1 _aCoelho, L.S.S.
111 1 _a21. Reuniao Anual da Sociedade Brasileira de Zootecnia
_cBelo Horizonte, MG (Brazil)
_d16-20 Jul 1986
245 1 _aInfluencia do nivel de energia e relacao caloria: nutriente na exigencia de lisina de leitoes na fase inicial de crescimento (5 a 15kg de peso vivo)
260 3 _aBelo Horizonte, MG (Brasil):
_c1984.
500 _aAnais da 21. Reuniao Anual da Sociedade Brasileira de Zootecnia Belo Horizonte, MG (Brasil): 1984. p. 209 (BR8703293-AM)L51
650 _aLEITAO
650 _aNUTRICAO ANIMAL
650 _aCALORIA
650 _aLISINA
773 0 _tAnais da 21. Reuniao Anual da Sociedade Brasileira de Zootecnia
_wL51 BR8703293
_gBelo Horizonte, MG (Brasil), 1984. p. 209
909 _a202404
_bLucia
_c55
_dLucia Elande
942 _cAM
_2AGRIS
999 _c318173
_d318173